000
00227 a2200097 4500
001
43424
100
_a
Colleridge
245
_a
Colleridge Poetical Works
260
_a
London
_b
Oxford University Press
_c
090
_c
27248
_d
27248
942
_a
NUST-CAE
_c
M
_c
19167
999
_c
278497
_d
278497